Tiempo, historia y educación /

Bibliographic Details
Main Author: Viñao Frago, Antonio
Format: Libro
Language:English

MARC

LEADER 00000cam a2200000 a 4500
001 040283
003 UAHC_CL
005 20170803124431.0
008 060714b xx j 000 1 eng
040 |a UAHC_CL  |c UAHC_CL  |d UAHC_CL 
100 1 |a Viñao Frago, Antonio 
245 1 0 |a Tiempo, historia y educación /  |c Antonio Viñao Frago. 
500 |a Revista Complutense de Educación. --Vol. 5, Nº2 (1994) pp. 9-45. 
900 |a REV. COMPLUT. EDUC.-02/94 
942 |c BK 
999 |c 40283  |d 40283